[Event "Mittelrhein Verbandsliga-O 15/16"]
[Site "Nordrheinwestfalen"]
[Date "2016.04.10"]
[Round "10"]
[White "Koenig, Christian"]
[Black "Moroz, Boris"]
[Result "1/2-1/2"]
[WhiteElo "2021"]
[BlackElo "1908"]
[PlyCount "47"]
[EventDate "2015.09.06"]
[EventType "team-tourn"]
[EventRounds "11"]
[EventCountry "GER"]
[SourceTitle "EXT 2022"]
[Source "ChessBase"]
[SourceDate "2021.10.06"]
[SourceVersion "1"]
[SourceVersionDate "2021.10.06"]
[SourceQuality "1"]
[WhiteTeam "Lohmar"]
[BlackTeam "Bonn Beuel II"]
[WhiteTeamCountry "GER"]
[BlackTeamCountry "GER"]

1. e4 e5 2. Nf3 Nc6 3. Bb5 a6 4. Ba4 Nf6 5. d3 b5 6. Bb3 Be7 7. 0-0 0-0 8. Re1 d6 9. c3 Na5 10. Bc2 c5 11. Nbd2 Qc7 12. Nf1 Nc6 13. h3 Bb7 14. Ne3 g6 15. Nh2 Rad8 16. Nhg4 Nxg4 17. hxg4 Nb8 18. Qf3 Nd7 19. Bb3 Nb6 20. Bd2 c4 21. dxc4 bxc4 22. Bc2 d5 23. exd5 Nxd5 24. Nxd5 1/2-1/2

[Event "Mittelrhein Verbandsliga-O 15/16"]
[Site "Nordrheinwestfalen"]
[Date "2016.01.31"]
[Round "7"]
[White "Moroz, Boris"]
[Black "Klein, Manfred"]
[Result "1/2-1/2"]
[WhiteElo "1893"]
[BlackElo "2022"]
[PlyCount "33"]
[EventDate "2015.09.06"]
[EventType "team-tourn"]
[EventRounds "11"]
[EventCountry "GER"]
[SourceTitle "EXT 2022"]
[Source "ChessBase"]
[SourceDate "2021.10.06"]
[SourceVersion "1"]
[SourceVersionDate "2021.10.06"]
[SourceQuality "1"]
[WhiteTeam "Bonn Beuel II"]
[BlackTeam "Siegburg"]
[WhiteTeamCountry "GER"]
[BlackTeamCountry "GER"]

1. e4 c5 2. Nc3 Nc6 3. Nf3 g6 4. d4 cxd4 5. Nxd4 Bg7 6. Be3 Nf6 7. f3 0-0 8. Bc4 d6 9. Qd2 Bd7 10. 0-0-0 Rc8 11. Nxc6 Bxc6 12. Bb3 Qa5 13. Kb1 Rfe8 14. g4 b5 15. Nd5 Qxd2 16. Rxd2 a6 17. Rhd1 1/2-1/2

[Event "Mittelrhein Verbandsliga-O 15/16"]
[Site "Nordrheinwestfalen"]
[Date "2015.09.27"]
[Round "2"]
[White "Moroz, Boris"]
[Black "Mews, Bernhard"]
[Result "0-1"]
[WhiteElo "1893"]
[BlackElo "1969"]
[PlyCount "88"]
[EventDate "2015.09.06"]
[EventType "team-tourn"]
[EventRounds "11"]
[EventCountry "GER"]
[SourceTitle "EXT 2022"]
[Source "ChessBase"]
[SourceDate "2021.10.06"]
[SourceVersion "1"]
[SourceVersionDate "2021.10.06"]
[SourceQuality "1"]
[WhiteTeam "Bonn Beuel II"]
[BlackTeam "Koeln Lasker II"]
[WhiteTeamCountry "GER"]
[BlackTeamCountry "GER"]

1. e4 c5 2. Nf3 e6 3. d4 cxd4 4. Nxd4 Nc6 5. c4 Nf6 6. Nc3 Bb4 7. f3 0-0 8. a3 Bxc3+ 9. bxc3 d5 10. cxd5 exd5 11. Nxc6 bxc6 12. Bd3 dxe4 13. fxe4 Bg4 14. Qc2 Qb6 15. h3 Bh5 16. g4 Bg6 17. Bg5 Nxe4 18. Bh4 Rfe8 19. 0-0-0 Qa5 20. Rde1 Qxa3+ 21. Qb2 Qxc3+ 22. Qxc3 Nxc3 23. Bxg6 hxg6 24. Kc2 Rxe1 25. Rxe1 Nd5 26. Bg3 a5 27. Kb3 a4+ 28. Ka3 Nc3 29. Kb4 Nd5+ 30. Ka3 Nc3 31. Kb4 Nb5 32. Rc1 Ra6 33. Ra1 a3 34. Bf2 f5 35. Kb3 Kf7 36. Bc5 Kf6 37. Be3 Ra8 38. Kc4 Ra6 39. Bf4 g5 40. Be3 f4 41. Bc5 g6 42. Kb3 a2 43. Bf2 Ke5 44. Re1+ Kd5 0-1